000 00385nam a2200157Ia 4500
005 20240807062227.0
008 240806s9999||||xx |||||||||||||| ||eng||
041 _aeng
082 _a891.4312
_bKABI
100 _aDr. Dharmveer
245 0 _aKabeer nai sadi me (do) /
_cDr. Dharmveer
260 _bVani Prakashan Delahi
300 _a213
650 _aGeneral Studies
942 _cBK
999 _c12384
_d12384